Переписка с Войсковой управой Сибирского казачьего войска и Министерством земледелия о предоставлении пунктовым или участковым в...

Доступно только в Электронных читальных залах Найти на картеНа карте
RUSMARC
00004240nac2a22002653x 450
0015f0b244e-9cd9-46d1-beaf-0a92d710285c
00520190304215011.0
100##$a20190110l 1919k y0rusy50 ca
1010#$arus
102##$aRU
105##$ay z |||e|
2001#$aПереписка с Войсковой управой Сибирского казачьего войска и Министерством земледелия о предоставлении пунктовым или участковым ветеринарным фельдшерам права взимания % сбора с гуртопромышленного скота и о добавочном к пособию ассигновании кредита на содержание переселенческих ветеринарных пунктов
$jФевраль - сентябрь 1919
215##$a24 листа
251##$cДело
300##$aМашинописный и рукописный текст
324##$aВ деле имеются копии отдельных документов
330##$aВходит в раздел описи: 1919 г.
461#0$10010f0e3429-2e37-4fb4-ace0-6332d350a692
$12001
$aМинистерство внутренних дел Российского правительства. Омск
$1251
$cФонд
$1852
$j1700
$gР
462#0$100196992368-87aa-4ec8-94b8-d5a64cfcd599
$12001
$aКанцелярия министра. 1918-1919 гг.
$vД. 66
$1251
$cОпись
$1852
$j7
60102$3RU\NLR\AUTH\8810247804
$aВременное Сибирское правительство
$bМинистерство внутренних дел
60102$3RU\NLR\AUTH\889926921
$aВременное Сибирское правительство
$bМинистерство земледелия
60102$3RU\NLR\AUTH\880426413
$aСибирское казачье войско
$bВойсковая управа
801#0$aRU
$bGA_RF
801#1$aRU
$bГлавНИВЦ
$c20190110
$2rusmarc
801#2$aRU
$bПБ им. Б.Н. Ельцина
$c20190304
$gRCR
$2rusmarc
852##$aГА РФ
$j66
937##$d126672966
$hПБ
035##$aRuPRLIB51055229
856##$uhttp://readingroom.main.prlib.ru/item.aspx?id_node=n126672966&mode=full
Формат отображения